Termálne pramene v Sklených Tepliciach a Vyhniach vo svetle historických dokumentov

Bibliographic Details
Main Author: Matejková, Adriana (Author)
Format: Article
Language:Slovak
PhysicalDescription:Obr.
ISBN:9788080836498
Subjects:

MARC

LEADER 00000naa a2200000 ar4500
001 vtls010069580
003 SK-MaSNL
005 20260302100144.0
008 100226|2009 xo g||||| 100 1|slo
015 |a SNBRA2010/02  |2 svkbbbg 
038 |a SVKBBBG 
040 |a SVKBBBG  |b slo  |c SVKBBBG  |e AACR2 
041 1 |a slo 
044 |a xo  |c SK 
072 7 |a 551  |x Geológia. Meteorológia. Klimatológia  |2 konspekt 
072 7 |a 553  |x Ložisková geológia  |2 konspekt 
072 7 |a 94(437)  |x Dejiny Česka a Slovenska  |2 konspekt 
080 |a 551.23  |2 2001 
080 |a 553.04  |2 2001 
080 |a 94(437.6)  |2 2001 
100 1 |a Matejková, Adriana  |4 aut.  |9 25436 
245 1 0 |a Termálne pramene v Sklených Tepliciach a Vyhniach vo svetle historických dokumentov  |c Adriana Matejková 
300 |b Obr. 
504 |a Bibliogr. odkazy 
650 0 7 |a termálne pramene  |2 svkbbbg  |9 55696 
650 0 7 |a kúpele  |2 svkbbbg  |9 1139 
651 7 |a Sklené Teplice (Slovensko)  |2 svkbbbg  |9 59318 
651 7 |a Vyhne (Slovensko)  |2 svkbbbg  |9 36869 
655 7 |a vedecké štúdie  |2 svkbbg  |9 265097 
773 0 |t Z dejín vedy a techniky stredoslovenského regiónu : zborník vydaný Ústavom vedy a výskumu UMB v Banskej Bystrici pri príležitosti životného jubilea doc. Ing. Ivana Herčka, CSc.  |d Banská Bystrica : Ústav vedy a výskumu Univerzity Mateja Bela, 2009  |g S. 84-96  |z 9788080836498 
852 |a SVKBB  |b KIS3GCP 
958 |a NB 
999 |c 1219385  |d 1221315